| 000 | 00000nam##2200000za#4500 |
| 001 | 9.614253 |
| 003 | CaOODSP |
| 005 | 20200327132939 |
| 007 | ta |
| 008 | 150406|1997||||xxc||||| f|0| 0 eng|d |
| 022 | |a0706-6457 |
| 040 | |aCaOODSP|beng |
| 043 | |an-cn--- |
| 086 | 1 |aFs97-6/2192E |
| 110 | 1 |aCanada. |bDepartment of Fisheries and Oceans. |
| 245 | 10|aProceedings of the 24th annual aquatic toxicity workshop : |bOctober 20-22, 1997, Niagara falls, Ontario / |cEdited by A. J. Niimi, J. L. Parrott and D. J. Spry. |
| 260 | |aOttawa - Ontario : |bFisheries and Oceans Canada |c1997. |
| 300 | |axv, 135p. : |bgraphs, references, tables ; |c28 cm. |
| 490 | 1 |aCanadian technical report of fisheries and aquatic sciences|x0706-6457|v2192 |
| 500 | |a"This volume contains papers, abstracts or extended abstract of all presentations at the workshop."--Page iv. N.B.: Incorrect catalogue number (Fs97-6/2197) printed in this publication. |
| 520 | 3 |aThis volume contains papers, abstracts or extended abstract of all presentations at the workshop.--Page iv |
| 546 | |aRésumé en français |
| 563 | |aSoftcover |
| 590 | |a98-03|b1998-01-16 |
| 720 | 1 |aNiimi, A. J. |
| 720 | 1 |aParrott, J. L. |
| 720 | 1 |aSpry, D. J. |
| 776 | 0#|tProceedings of the 24th Annual Aquatic Toxicity Workshop : |w(CaOODSP)9.574166 |
| 830 | #0|aCanadian technical report of fisheries and aquatic sciences,|x0706-6457|v2192|w(CaOODSP)9.514691 |